The Deterrent Effect of the Castle Doctrine Law on Burglary in Texas: a Tale of Outcomes in Houston and Dallas

Saved in:  
Bibliographic Details
Authors: Ren, Ling (Author) ; Zhao, Jihong 1954- (Author) ; Zhang, Yan (Author)
Format: Electronic Article
Language:English
Published: [2015]
In: Crime & delinquency
Year: 2015, Volume: 61, Issue: 8, Pages: 1127-1151
Online Access: Volltext (Resolving-System)
Check availability: HBZ Gateway
Keywords:

MARC

LEADER 00000naa a22000002c 4500
001 1698621450
003 DE-627
005 20200520104856.0
007 cr uuu---uuuuu
008 200520s2015 xx |||||o 00| ||eng c
024 7 |a 10.1177/0011128712466886  |2 doi 
035 |a (DE-627)1698621450 
035 |a (DE-599)KXP1698621450 
040 |a DE-627  |b ger  |c DE-627  |e rda 
041 |a eng 
100 1 |a Ren, Ling  |e VerfasserIn  |0 (DE-588)1096341034  |0 (DE-627)85671142X  |0 (DE-576)467820708  |4 aut 
109 |a Ren, Ling 
245 1 4 |a The Deterrent Effect of the Castle Doctrine Law on Burglary in Texas  |b a Tale of Outcomes in Houston and Dallas 
264 1 |c [2015] 
336 |a Text  |b txt  |2 rdacontent 
337 |a Computermedien  |b c  |2 rdamedia 
338 |a Online-Ressource  |b cr  |2 rdacarrier 
700 1 |a Zhao, Jihong  |d 1954-  |e VerfasserIn  |0 (DE-588)173513344  |0 (DE-627)698425677  |0 (DE-576)134358147  |4 aut 
700 1 |a Zhang, Yan  |e VerfasserIn  |4 aut 
773 0 8 |i Enthalten in  |t Crime & delinquency  |d Thousand Oaks, Calif. [u.a.] : Sage Publications, 1960  |g 61(2015), 8, Seite 1127-1151  |h Online-Ressource  |w (DE-627)306655128  |w (DE-600)1499997-3  |w (DE-576)081985045  |x 1552-387X  |7 nnas 
773 1 8 |g volume:61  |g year:2015  |g number:8  |g pages:1127-1151 
856 4 0 |u http://dx.doi.org/10.1177/0011128712466886  |x Resolving-System  |3 Volltext  |7 1 
951 |a AR 
ELC |a 1 
LOK |0 000 xxxxxcx a22 zn 4500 
LOK |0 001 3668798087 
LOK |0 003 DE-627 
LOK |0 004 1698621450 
LOK |0 005 20200520104856 
LOK |0 008 200520||||||||||||||||ger||||||| 
LOK |0 040   |a DE-21-110  |c DE-627  |d DE-21-110 
LOK |0 092   |o n 
LOK |0 689   |a s  |a Texas castle doctrine law 
LOK |0 689   |a s  |a Deterrence theory 
LOK |0 689   |a s  |a Burglary 
LOK |0 689   |a s  |a Time-series analysis 
LOK |0 852   |a DE-21-110 
LOK |0 852 1  |9 00 
LOK |0 935   |a krub  |a krzo 
LOK |0 939   |a 20-05-20  |b l01 
ORI |a SA-MARC-krimdoka001.raw